Största städerna på B i Asien, enligt bild - Statistics

General Stats
  • This quiz has been taken 4 times
  • The average score is 12 of 20
Answer Stats
Picture Hint Answer % Correct
🇮🇶 6 720 000 Bagdad
100%
🇹🇭 5 670 000 Bangkok
100%
🇮🇩 2 390 000 Bandung
75%
🇮🇳 8 520 000 Bangalore (Bengalūru)
75%
🇨🇳 2 100 000 Bāotóu
75%
🇮🇳 990 000 Bareilly
75%
🇮🇶 1 340 000 Basra
75%
🇱🇧 1 650 000 Beirut
75%
🇮🇳 1 890 000 Bhopāl
75%
🇮🇳 18 390 000 Bombay (Mumbai)
75%
🇰🇷 3 180 000 Busan
75%
🇦🇿 1 230 000 Baku
50%
🇰🇬 1 100 000 Bisjkek
50%
🇮🇩 950 000 Bogor
50%
🇹🇷 2 050 000 Bursa
50%
🇨🇳 1 940 000 Bǎodìng
25%
🇨🇳 1 110 000 Bǎojī
25%
🇮🇩 2 330 000 Bekasi
25%
🇨🇳 1 080 000 Bèngbù
25%
🇮🇳 1 060 000 {Bhilāī} Nagar
25%
No matching quizzes found
Score Distribution
Percent of People with Each Score
Percentile by Number Answered
Your Score History
You have not taken this quiz